书目信息 |
| 题名: |
三级词汇重点难点语言点辨析与强化训练
|
|
| 作者: | 李丹 主编 | |
| 分册: | ||
| 出版信息: | 大连 大连理工大学出版社 1998.08 |
|
| 页数: | 546页 | |
| 开本: | 32开 | |
| 丛书名: | ||
| 单 册: | ||
| 中图分类: | H313 | |
| 科图分类: | ||
| 主题词: | 英语 | |
| 电子资源: | ||
| ISBN: | 7-5611-1528-8 | |
| 000 | 00607nam0 2200193 45 | |
| 001 | 0005251756 | |
| 005 | 20000525170236.6 | |
| 010 | @a7-5611-1528-8@d17.00元 | |
| 100 | @a20000525d1998 km y0chiy0120 ea | |
| 101 | @achi | |
| 105 | @a z 000yy | |
| 200 | 1 | @a三级词汇重点难点语言点辨析与强化训练@ASan Ji Ci Hui Zhong Dian Nan Dian Yu Yan Dian Bian Xi Yu Qiang Hua Xun Lian@f李丹主编@FLi Dan Zhu Bian |
| 210 | @a大连@c大连理工大学出版社@d1998.08 | |
| 215 | @a546页@d32开 | |
| 606 | 0 | @a英语 |
| 690 | @aH313@v3 | |
| 701 | @a李丹@4主编 | |
| 801 | @aCN@bPftUser@c20000525 | |
| 905 | @f2@b56629-630@dH313@eL.186 | |
| 三级词汇重点难点语言点辨析与强化训练/李丹主编.-大连:大连理工大学出版社,1998.08 |
| 546页;32开 |
| ISBN 7-5611-1528-8:17.00元 |
| ● |
| 相关链接 |
|
|
|
正题名:三级词汇重点难点语言点辨析与强化训练
索取号:H313/L.186
 
预约/预借
| 序号 | 登录号 | 条形码 | 馆藏地/架位号 | 状态 | 备注 |
| 1 | 56629 | 200566299 | 语言库209/209语言库 102排8列1层/ [索取号:H313/L.186] | 在馆 | |
| 2 | 56630 | 200566306 | 语言库209/209语言库 102排8列1层/ [索取号:H313/L.186] | 在馆 |